00397nam a2200109Ia 4500008004100000082002200041100002300063245002400086260004400110300001000154650012300164211119s9999||||xx |||||||||||||| ||und|| a894.812 4 bMAN-M aMannarathara, John 0aManassu Oru Theeram bMathrubhumi PublishingaKozhikoduc2014 a118p. aLiterature & rhetoricv Literatures of other languagesAltaic, Uralic, Hyperborean & Dravidian MalayalamxGeneral Stack